| 000 | 00543cam a2200193 4500 | ||
|---|---|---|---|
| 001 | D9045 | ||
| 008 | 090401t1982 xxu||||| |||| 00| 0 eng d | ||
| 035 | _a(Sirsi) u17125 | ||
| 041 | _aeng | ||
| 050 | _a692.50973 | ||
| 100 | _aStockdale, D.J. | ||
| 245 | _aPreparation of cost estimates using the North American uniform construction index | ||
| 260 |
_aAscot, Berks _bThe Chartered Institute of Building _c1982 |
||
| 300 | _a12p. 30cm | ||
| 350 | _a0 | ||
| 490 |
_aTechnical Information Service _v5 |
||
| 942 | _n0 | ||
| 948 | _c04/03/1997 | ||
| 999 |
_c87476 _d87476 |
||